ბათუმის შოთა რუსთაველის სახელმწიფო უნივერსიტეტის ბიბლიოთეკა

მეციხოვნის ვაჟი შავლეგ (ბიბ.ჩანაწერი № 48282)

000 -LEADER
fixed length control field 00815nam a2200217Ia 4500
001 - CONTROL NUMBER
control field 15167
003 - CONTROL NUMBER IDENTIFIER
control field GE_BSU
008 - FIXED-LENGTH DATA ELEMENTS--GENERAL INFORMATION
fixed length control field 181216s||||||||xx |||||||||||||| ||und||
040 ## - CATALOGING SOURCE
Transcribing agency GE_BSU
080 ## - UNIVERSAL DECIMAL CLASSIFICATION NUMBER
Universal Decimal Classification number 82-93
100 ## - MAIN ENTRY--PERSONAL NAME
Personal name შამათავა, დავით
245 ## - TITLE STATEMENT
Title მეციხოვნის ვაჟი შავლეგ
245 ## - TITLE STATEMENT
Remainder of title მოთხრობები. საშ. ასაკის ბავშვთათვის
245 ## - TITLE STATEMENT
Statement of responsibility, etc. რედ: ნ.არჯევანიძე; მხატვ:ზ.გოგოლაძე
260 ## - PUBLICATION, DISTRIBUTION, ETC.
Place of publication, distribution, etc. თბილისი.
260 ## - PUBLICATION, DISTRIBUTION, ETC.
Name of publisher, distributor, etc. ნაკადული
260 ## - PUBLICATION, DISTRIBUTION, ETC.
Date of publication, distribution, etc. 1966
300 ## - PHYSICAL DESCRIPTION
Extent 167გვ;17სმ.
653 ## - INDEX TERM--UNCONTROLLED
Uncontrolled term მოთხრობები. საშ. ასაკის ბავშვთათვის
942 ## - ADDED ENTRY ELEMENTS (KOHA)
Koha item type წიგნი
ეგზემპლარები
Withdrawn status Lost status Damaged status Not for loan Date acquired Barcode Date last seen Price effective from Koha item type
        2018-12-17 38325 2018-12-17 2018-12-17 წიგნი